Η δυστυχία του να είσαι Έλληνας

Αποθηκεύτηκε σε:
Λεπτομέρειες βιβλιογραφικής εγγραφής
Κύριος συγγραφέας: Δήμου, Νίκος, 1935-
Μορφή: Βιβλίο
Γλώσσα:Greek
Δημοσίευση: Αθήνα : Ερμείας, 1975.
Έκδοση:7η έκδ.
Θέματα:
Ετικέτες: Προσθήκη ετικέτας
Δεν υπάρχουν, Καταχωρήστε ετικέτα πρώτοι!

MARC

LEADER 00000cam a2200000 i 4500
001 1/48111
008 980707s1975 gr | ||| |||| ||gre||
035 |l 10043250 
040 |a GR-MyUA  |b gre  |e AACR2 
041 0 |a gre 
082 0 |a 889.7 
100 1 |a Δήμου, Νίκος,   |d 1935- 
245 1 2 |a Η δυστυχία του να είσαι Έλληνας /   |c Νίκος Δήμου.  
250 |a 7η έκδ.  
260 |a Αθήνα :   |b Ερμείας,   |c 1975.  
300 |a 80 σ. ;   |c 21 εκ.  
650 0 0 |a Humorous stories, Greek. 
852 |a INST  |b SAMOS  |e 19980707  |h 889.7 ΔΗΜ  |p 005300010966  |q 005300010966  |t BK  |y 0 
901 |a BIBL-1998-2 
909 |a Σ  |b 051312 
922 |a 3ΕΛΗ  |b 199709  |c ΔΩΡ  |d ΠΑΡΙΑΝΟΣ